[Event "Quebec op U1400"]
[Site "Montreal CAN"]
[Date "2016.07.28"]
[Round "7.12"]
[White "Denis, Alain"]
[Black "Dubois, Lorraine"]
[Result "1-0"]
[WhiteElo "1244"]
[BlackElo "1200"]
[PlyCount "139"]
[EventDate "2016.07.23"]
[EventType "swiss"]
[EventRounds "8"]
[EventCountry "CAN"]

1. e4 c6 2. d4 d5 3. Nc3 dxe4 4. Nxe4 Bf5 5. Ng3 Bg6 6. h4 h6 7. h5 Bh7 8. Nf3
Nd7 9. Bd3 Bxd3 10. Qxd3 Ngf6 11. Bd2 e6 12. O-O-O Bd6 13. Ne4 Bc7 14. Bb4 Nxe4
15. Qxe4 Nf6 16. Qe2 Nd5 17. Bd2 O-O 18. g3 Qf6 19. Ne5 Rfe8 20. c4 Nb6 21. f4
Rad8 22. Be3 Nd7 23. Rhf1 Nxe5 24. fxe5 Qe7 25. g4 c5 26. Rg1 cxd4 27. Bxd4 Bb6
28. Bxb6 Rxd1+ 29. Rxd1 axb6 30. Qe3 Qc7 31. b3 b5 32. Qd4 bxc4 33. bxc4 Rc8
34. Kb2 Qxc4 35. Qxc4 Rxc4 36. Rd8+ Kh7 37. Rd7 Rxg4 38. Rxf7 Rg5 39. Rxb7 Rxe5
40. a4 Rxh5 41. Rb5 Rh2+ 42. Kb3 Rh4 43. a5 Rh3+ 44. Kc4 Ra3 45. Kb4 Ra1 46.
Re5 Kg6 47. Rxe6+ Kf5 48. Rc6 g6 49. a6 h5 50. Rc5+ Ke6 51. Ra5 Rb1+ 52. Kc5
Rc1+ 53. Kb6 Kd6 54. Rb5 Rc6+ 55. Ka7 h4 56. Rb6 h3 57. Rxc6+ Kxc6 58. Kb8 Kd6
59. a7 Ke5 60. a8=Q Kf4 61. Qh1 Kg3 62. Qg1+ Kh4 63. Qh2 g5 64. Kc7 g4 65. Qf4
Kh5 66. Qg3 Kg5 67. Kd6 Kf5 68. Kd5 Kg5 69. Ke4 Kh5 70. Kf4 1-0

[Event "Quebec op U1400"]
[Site "Montreal CAN"]
[Date "2016.07.29"]
[Round "8.70"]
[White "Dawson, Skyler"]
[Black "Lemarier, Stephane"]
[Result "1-0"]
[WhiteElo "1319"]
[BlackElo "1377"]
[PlyCount "41"]
[EventDate "2016.07.23"]
[EventType "swiss"]
[EventRounds "8"]
[EventCountry "CAN"]

1. e4 c5 2. Nf3 d6 3. d4 cxd4 4. Nxd4 Nf6 5. Nc3 a6 6. Be3 e5 7. Nb3 Be6 8. f3
Nc6 9. Qd2 Be7 10. g4 b5 11. O-O-O Bxb3 12. axb3 Rc8 13. Kb1 Qa5 14. g5 Nd7 15.
Nd5 Bd8 16. b4 Qa4 17. b3 Qa3 18. Qc3 O-O 19. Bc1 Nxb4 20. Bxa3 Rxc3 21. Nxc3
1-0

[Event "Quebec op U1400"]
[Site "Montreal CAN"]
[Date "2016.07.29"]
[Round "8.71"]
[White "Jordanov, Jordan"]
[Black "Arsenault-Mahjoubi, Louis"]
[Result "1-0"]
[WhiteElo "1339"]
[BlackElo "1359"]
[PlyCount "106"]
[EventDate "2016.07.23"]
[EventType "swiss"]
[EventRounds "8"]
[EventCountry "CAN"]

1. d4 Nf6 2. c4 e6 3. Nc3 c5 4. e3 a6 5. Nf3 cxd4 6. exd4 Qc7 7. Be3 b6 8. Bd3
Bb7 9. Rc1 Nc6 10. a3 Be7 11. h3 Na5 12. c5 bxc5 13. dxc5 O-O 14. b4 Nc6 15.
O-O Ne5 16. Nxe5 Qxe5 17. Re1 d5 18. Bd4 Qf4 19. Be5 Qg5 20. Bd4 Qf4 21. Ne2
Qg5 22. Ng3 Qh4 23. Re5 Bd8 24. Nh5 g6 25. Nxf6+ Bxf6 26. Bf1 Bxe5 27. Bxe5
Rfe8 28. g3 Qe4 29. Qd4 Qxd4 30. Bxd4 e5 31. Be3 Bc6 32. Bh6 f6 33. h4 Kf7 34.
Rd1 Ke6 35. Ra1 e4 36. Be3 Red8 37. Bd4 f5 38. Be2 Rdb8 39. Bd1 a5 40. Bc3 Rb7
41. bxa5 Rb5 42. Ba4 Rxc5 43. Bb4 Rc4 44. Bb3 Rd4 45. Rc1 Bb5 46. Rc7 h6 47.
Re7+ Kf6 48. Rb7 Bc4 49. Bc3 Ke5 50. Bxc4 dxc4 51. Rb5+ Kd6 52. Bxd4 Kc6 53.
Rc5+ Kd6 1-0

[Event "Quebec op U1400"]
[Site "Montreal CAN"]
[Date "2016.07.29"]
[Round "8.72"]
[White "Rodi, Mathieu"]
[Black "Pan, Yu Xiang"]
[Result "1/2-1/2"]
[WhiteElo "1273"]
[BlackElo "1187"]
[PlyCount "102"]
[EventDate "2016.07.23"]
[EventType "swiss"]
[EventRounds "8"]
[EventCountry "CAN"]

1. e4 e5 2. Nf3 Nc6 3. Bc4 Nf6 4. d4 exd4 5. O-O d6 6. Nxd4 Be7 7. Nc3 O-O 8.
f3 Ne5 9. Bb3 a6 10. f4 Neg4 11. h3 c5 12. Nf3 Qb6 13. Na4 Qc7 14. hxg4 b5 15.
Bd5 Nxd5 16. Qxd5 Bb7 17. Qb3 bxa4 18. Qxa4 Bc6 19. Qc4 Bb5 20. Qd5 Bxf1 21.
Kxf1 Rab8 22. b3 Qb7 23. Qd3 Qb5 24. c4 Qd7 25. g5 Rbd8 26. Bb2 f6 27. Qd5+ Kh8
28. g6 h6 29. f5 a5 30. a4 Rb8 31. Nd2 Qb7 32. Qd3 Rbd8 33. Bc3 Qc7 34. Qd5 Qb6
35. Ke2 Rb8 36. Kd1 Qb7 37. Qd3 Ra8 38. Kc2 Rfd8 39. Rh1 Kg8 40. Qe3 Kf8 41.
Rb1 Ke8 42. Rb2 Kd7 43. Nb1 Rh8 44. Na3 h5 45. Nb5 h4 46. Kd3 Rh5 47. Be1 Rah8
48. Qh3 Qa8 49. Rf2 R8h6 50. Rf4 Kc6 51. Qf3 Kb6 1/2-1/2

[Event "Quebec op U1400"]
[Site "Montreal CAN"]
[Date "2016.07.29"]
[Round "8.73"]
[White "Liu, Kevin"]
[Black "Laroche, Hugo"]
[Result "1-0"]
[WhiteElo "1312"]
[BlackElo "1272"]
[PlyCount "37"]
[EventDate "2016.07.23"]
[EventType "swiss"]
[EventRounds "8"]
[EventCountry "CAN"]

1. e4 e5 2. Nf3 Nc6 3. Nc3 Nf6 4. d4 exd4 5. Nxd4 Bb4 6. Nxc6 bxc6 7. Bd3 Bxc3+
8. bxc3 h6 9. O-O O-O 10. f4 Re8 11. e5 Nd5 12. Qf3 Nxc3 13. Bc4 Na4 14. Qb3
Qe7 15. Qxa4 Qc5+ 16. Kh1 Rb8 17. Ba3 Qd4 18. Bxf7+ Kxf7 19. Qxd4 1-0

[Event "Quebec op U1400"]
[Site "Montreal CAN"]
[Date "2016.07.29"]
[Round "8.74"]
[White "Amyot, Stephane"]
[Black "Lauzon, Francois"]
[Result "1-0"]
[WhiteElo "1218"]
[BlackElo "1265"]
[PlyCount "108"]
[EventDate "2016.07.23"]
[EventType "swiss"]
[EventRounds "8"]
[EventCountry "CAN"]

1. e4 e6 2. Nf3 h6 3. Nc3 Nc6 4. d4 Bb4 5. Bd2 d5 6. e5 a6 7. Bd3 Nge7 8. Na4
Bxd2+ 9. Qxd2 Nf5 10. Bxf5 exf5 11. O-O b6 12. Ne1 f6 13. f4 fxe5 14. fxe5 Qg5
15. Rf4 Be6 16. c3 Na5 17. b3 O-O 18. Nd3 Nc6 19. Raf1 Rf7 20. R1f3 Qd8 21. Rf2
Ne7 22. Rf1 Ng6 23. R4f2 Qg5 24. Nf4 Nxf4 25. Rxf4 Re8 26. Qd1 Ref8 27. Nb2 c5
28. Qe2 cxd4 29. cxd4 b5 30. Nd3 Re8 31. b4 g6 32. Nc5 Bc8 33. Qf3 Be6 34. a3
Ra7 35. Nxe6 Rxe6 36. Qxd5 Rae7 37. g3 h5 38. Rc1 Kg7 39. Rc6 Rxc6 40. Qxc6 Ra7
41. d5 Qd8 42. d6 Kf7 43. Qd5+ Kf8 44. e6 Qb6+ 45. Qc5 Qxc5+ 46. bxc5 Ke8 47.
Kf2 a5 48. Ke3 b4 49. axb4 a4 50. c6 a3 51. Rf1 a2 52. c7 Kf8 53. c8=Q+ Kg7 54.
Qc3+ Kh6 1-0

[Event "Quebec op U1400"]
[Site "Montreal CAN"]
[Date "2016.07.29"]
[Round "8.75"]
[White "Zhong, Ziyi"]
[Black "Laroche, Martin"]
[Result "1-0"]
[WhiteElo "1240"]
[BlackElo "1372"]
[PlyCount "101"]
[EventDate "2016.07.23"]
[EventType "swiss"]
[EventRounds "8"]
[EventCountry "CAN"]

1. e4 e5 2. Nf3 Nc6 3. Bc4 Nf6 4. d3 h6 5. Be3 Be7 6. a3 O-O 7. Bd5 d6 8. Nc3
a6 9. Qd2 Be6 10. Bxe6 fxe6 11. d4 Nxd4 12. Bxd4 exd4 13. Nxd4 Qd7 14. Qd3 Ng4
15. O-O Ne5 16. Qh3 Rf6 17. f4 Nc6 18. Nxc6 Qxc6 19. e5 Qc5+ 20. Kh1 dxe5 21.
Ne4 Qxc2 22. Nxf6+ Bxf6 23. Qxe6+ Kh8 24. fxe5 Bg5 25. b3 Rd8 26. Qc4 Qg6 27.
Rad1 Rxd1 28. Rxd1 c6 29. Qg4 Qc2 30. Qf3 b5 31. e6 Be7 32. h3 Bxa3 33. Rd8+
Kh7 34. Qd3+ Qxd3 35. Rxd3 Kg6 36. Kg1 Kf6 37. Rc3 c5 38. Kf2 Kxe6 39. Kf3 Bb4
40. Re3+ Kf6 41. Ke4 a5 42. Kd3 a4 43. Kc2 g5 44. g4 Ba5 45. Re8 b4 46. bxa4
Kg6 47. Rb8 h5 48. Rb5 hxg4 49. hxg4 b3+ 50. Kxb3 Bb4 51. a5 1-0

[Event "Quebec op U1400"]
[Site "Montreal CAN"]
[Date "2016.07.29"]
[Round "8.76"]
[White "Dimov, Petre"]
[Black "Gao, Ying Chen"]
[Result "0-1"]
[WhiteElo "1272"]
[BlackElo "1371"]
[PlyCount "88"]
[EventDate "2016.07.23"]
[EventType "swiss"]
[EventRounds "8"]
[EventCountry "CAN"]

1. Nf3 c5 2. e3 Nc6 3. a3 Nf6 4. Bc4 d5 5. Ba2 Bg4 6. h3 Bh5 7. d3 e5 8. g4 Bg6
9. Nh4 d4 10. Nxg6 hxg6 11. Qf3 Qd7 12. exd4 Nxd4 13. Qd1 Qc6 14. Kd2 Nf3+ 15.
Kc3 b5 16. b3 b4+ 17. Kb2 O-O-O 18. Nd2 Nxd2 19. Bxd2 e4 20. g5 Nd7 21. axb4
exd3 22. Qg4 Kb7 23. Rac1 Ne5 24. Qf4 Bd6 25. bxc5 dxc2 26. Qb4+ Ka8 27. Qc3
Nd3+ 28. Qxd3 Be5+ 29. Kxc2 Rxd3 30. Kxd3 Rd8+ 31. Ke2 Qb5+ 32. Rc4 Rxd2+ 33.
Kxd2 Qa5+ 34. Ke3 Qxa2 35. Rb4 Qc2 36. Rb5 a6 37. Ra5 Qc3+ 38. Ke4 Qd4+ 39. Kf3
Qd5+ 40. Ke2 Qxh1 41. Rxa6+ Kb7 42. Rb6+ Kc7 43. b4 Qxh3 44. Ra6 Qg4+ 0-1

[Event "Quebec op U1400"]
[Site "Montreal CAN"]
[Date "2016.07.29"]
[Round "8.77"]
[White "Luchian, Andra"]
[Black "Imbeault, Marc"]
[Result "1-0"]
[WhiteElo "1240"]
[BlackElo "1372"]
[PlyCount "59"]
[EventDate "2016.07.23"]
[EventType "swiss"]
[EventRounds "8"]
[EventCountry "CAN"]

1. d4 d5 2. c4 e6 3. Nf3 Nf6 4. Bg5 Be7 5. Nc3 Nbd7 6. e3 c6 7. Bd3 dxc4 8.
Bxc4 O-O 9. O-O Nd5 10. Bf4 N7f6 11. Bg3 Qa5 12. Qc2 Bb4 13. Nxd5 exd5 14. Bd3
c5 15. Be5 Ne4 16. Bxe4 dxe4 17. Qxe4 f6 18. Bf4 cxd4 19. Nxd4 g5 20. Bg3 Qb6
21. Rac1 f5 22. Qd5+ Kg7 23. Rc7+ Kg6 24. Rfc1 Bd2 25. R1c2 Bb4 26. a3 Be1 27.
Bd6 Rf6 28. Qg8+ Kh5 29. Rxh7+ Kg4 30. h3# 1-0

[Event "Quebec op U1400"]
[Site "Montreal CAN"]
[Date "2016.07.29"]
[Round "8.78"]
[White "Grandmaison, Real"]
[Black "Omichi, Kevin"]
[Result "1-0"]
[WhiteElo "1243"]
[BlackElo "1168"]
[PlyCount "163"]
[EventDate "2016.07.23"]
[EventType "swiss"]
[EventRounds "8"]
[EventCountry "CAN"]

1. d4 d5 2. Nf3 Nf6 3. Bg5 e6 4. Nc3 Be7 5. e3 O-O 6. Bd3 Nc6 7. a3 h6 8. Bh4
Nd7 9. Bg3 a6 10. h4 Nb6 11. b3 Bd6 12. Bxd6 Qxd6 13. Be2 f6 14. g4 e5 15. dxe5
Nxe5 16. Nxe5 fxe5 17. g5 c6 18. gxh6 Qxh6 19. Qd2 Bf5 20. O-O-O Rad8 21. Bd3
Bxd3 22. cxd3 d4 23. exd4 Qxd2+ 24. Rxd2 exd4 25. Ne4 Nd7 26. Rg1 Nf6 27. Ng5
Rfe8 28. f3 b5 29. Rdg2 Rd7 30. f4 Re3 31. Kd2 c5 32. Rg3 Rxg3 33. Rxg3 Nh5 34.
Rf3 Kf8 35. Ne6+ Ke7 36. Nxc5 Ra7 37. Rf1 a5 38. Re1+ Kd6 39. Ne4+ Kc6 40. Rc1+
Kb6 41. f5 Rc7 42. Rg1 Rf7 43. Rg5 Nf6 44. h5 Nh7 45. Rg6+ Kc7 46. Ng3 Nf8 47.
Ra6 Nd7 48. Rxa5 Kb6 49. Ra8 Rf8 50. Rxf8 Nxf8 51. Ke2 Kc5 52. b4+ Kd5 53. Kf3
Nh7 54. Kf4 Nf8 55. Kg5 Kd6 56. Ne2 Kd5 57. Nf4+ Kd6 58. f6 gxf6+ 59. Kxf6 Nd7+
60. Kg7 Ke7 61. h6 Nf6 62. h7 Nxh7 63. Kxh7 Kd6 64. Kg6 Ke5 65. Kg5 Kd6 66. Kf5
Kd7 67. Ke5 Kc6 68. Kxd4 Kd6 69. Ke4 Kc6 70. d4 Kd6 71. d5 Ke7 72. Ke5 Kd7 73.
d6 Ke8 74. Ke6 Kd8 75. d7 Kc7 76. Ke7 Kc6 77. d8=Q Kb7 78. Ne6 Kc6 79. Qd6+ Kb7
80. Nc5+ Ka7 81. Qc7+ Ka8 82. Qb7# 1-0

[Event "Quebec op U1400"]
[Site "Montreal CAN"]
[Date "2016.07.29"]
[Round "8.79"]
[White "Hall, Arturo"]
[Black "Forgues, David"]
[Result "1/2-1/2"]
[WhiteElo "1291"]
[BlackElo "1238"]
[PlyCount "70"]
[EventDate "2016.07.23"]
[EventType "swiss"]
[EventRounds "8"]
[EventCountry "CAN"]

1. e4 c5 2. Bc4 Nf6 3. d3 d5 4. exd5 Nxd5 5. Qf3 e6 6. Qd1 Nc6 7. Nf3 Bd6 8.
O-O O-O 9. Bb3 Bd7 10. c4 Nf6 11. Nc3 h6 12. h3 e5 13. Be3 Nd4 14. Re1 Nxb3 15.
Qxb3 b6 16. Qc2 Re8 17. a3 a5 18. Rad1 Bc6 19. Qe2 e4 20. dxe4 Nxe4 21. Nd5
Bxd5 22. Rxd5 Qc7 23. Qd3 Rad8 24. Bc1 Nf6 25. Rxe8+ Nxe8 26. Qe2 Nf6 27. Rd3
Re8 28. Qd1 Ne4 29. Be3 Bf4 30. Bxf4 Qxf4 31. Re3 Nf6 32. Rxe8+ Nxe8 33. Qd8
Qc1+ 34. Kh2 Qf4+ 35. Kg1 Qc1+ 1/2-1/2

[Event "Quebec op U1400"]
[Site "Montreal CAN"]
[Date "2016.07.29"]
[Round "8.80"]
[White "Pietka, Krystyn"]
[Black "Denis, Alain"]
[Result "1-0"]
[WhiteElo "1282"]
[BlackElo "1244"]
[PlyCount "115"]
[EventDate "2016.07.23"]
[EventType "swiss"]
[EventRounds "8"]
[EventCountry "CAN"]

1. c4 Nf6 2. Nc3 g6 3. g3 Nc6 4. Bg2 Bg7 5. d3 O-O 6. Bf4 a6 7. Qd2 Nh5 8. Be3
e6 9. Nf3 Nf6 10. Bh6 Ng4 11. Bxg7 Kxg7 12. h3 Nf6 13. g4 d6 14. g5 Nd7 15. Ne4
Kg8 16. h4 f5 17. gxf6 Nxf6 18. Nxf6+ Qxf6 19. h5 Nd4 20. hxg6 Nxf3+ 21. Bxf3
hxg6 22. Qh6 Qg7 23. O-O-O Qxh6+ 24. Rxh6 Kg7 25. Rdh1 c6 26. Rh7+ Kf6 27. R1h4
e5 28. e4 Rb8 29. Kd2 Be6 30. Ke3 c5 31. Be2 Rf7 32. R7h6 Rg8 33. f4 Ke7 34.
fxe5 dxe5 35. Rh8 Rxh8 36. Rxh8 Kd6 37. Rh6 Rg7 38. Kf2 Ke7 39. Kg3 g5 40. Bg4
Bxg4 41. Kxg4 Kf7 42. Rb6 Kg8 43. Re6 Rd7 44. Rxe5 Rxd3 45. Rxg5+ Kf7 46. Rxc5
Rd4 47. Kf4 Rd2 48. Rc7+ Ke6 49. Rxb7 Rc2 50. Rb6+ Kd7 51. Rxa6 Rxb2 52. Ke5
Rc2 53. Kd5 Rd2+ 54. Kc5 Re2 55. Kd4 Rd2+ 56. Ke3 Rc2 57. Kd3 Rf2 58. a4 1-0

[Event "Quebec op U1400"]
[Site "Montreal CAN"]
[Date "2016.07.29"]
[Round "8.81"]
[White "Dubois, Lorraine"]
[Black "Forcier, Pierre-Rodolphe"]
[Result "1-0"]
[WhiteElo "1200"]
[BlackElo "1292"]
[PlyCount "47"]
[EventDate "2016.07.23"]
[EventType "swiss"]
[EventRounds "8"]
[EventCountry "CAN"]

1. d4 Nf6 2. c4 d6 3. Nc3 g6 4. e4 Bg7 5. f3 O-O 6. Bd3 e5 7. d5 c6 8. Nge2
cxd5 9. cxd5 Nh5 10. O-O f5 11. Qc2 f4 12. b3 Qg5 13. Ba3 Qd8 14. Nb5 Na6 15.
Nxd6 Qb6+ 16. Kh1 Nb4 17. Qc3 Nxd3 18. Qxd3 Rf6 19. Nc4 Qd8 20. Bb2 Re6 21.
Rad1 Re8 22. d6 Bd7 23. Ba1 b5 24. Qd5+ 1-0

[Event "Quebec op U1700"]
[Site "Montreal CAN"]
[Date "2016.07.23"]
[Round "1.54"]
[White "Tsanaclis, Albert"]
[Black "Hebert, Mario"]
[Result "1-0"]
[WhiteElo "1692"]
[BlackElo "1489"]
[PlyCount "81"]
[EventDate "2016.07.23"]
[EventType "swiss"]
[EventRounds "8"]
[EventCountry "CAN"]

1. e4 e6 2. d4 d5 3. Nd2 Nf6 4. e5 Nfd7 5. Bd3 c5 6. c3 Nc6 7. Ne2 Qb6 8. Nf3
cxd4 9. cxd4 f6 10. exf6 Nxf6 11. O-O Bd6 12. Re1 O-O 13. Nc3 Bd7 14. Re2 Rae8
15. Be3 Re7 16. Ne5 Be8 17. Rd2 a6 18. Ng4 Nxg4 19. Qxg4 Nd8 20. Bg5 Ref7 21.
Bxd8 Qxd8 22. Qxe6 Bc6 23. Re2 Re8 24. Bxh7+ Kxh7 25. Qxf7 Rxe2 26. Nxe2 Qh4
27. Qf5+ Kh8 28. g3 Qe7 29. Nf4 Kg8 30. Qe6+ Qxe6 31. Nxe6 Bd7 32. Re1 Bb4 33.
Re2 Bb5 34. Re5 Bd7 35. Ng5 Bc6 36. a3 Bd2 37. f4 Bc1 38. Re2 Bb5 39. Rc2 Be3+
40. Kg2 Bxd4 41. Rc8+ 1-0

[Event "Quebec op U1700"]
[Site "Montreal CAN"]
[Date "2016.07.23"]
[Round "1.55"]
[White "Richard, Leo"]
[Black "Turgeon, Yoakim"]
[Result "1/2-1/2"]
[WhiteElo "1475"]
[BlackElo "1675"]
[PlyCount "75"]
[EventDate "2016.07.23"]
[EventType "swiss"]
[EventRounds "8"]
[EventCountry "CAN"]

1. e4 e5 2. Nf3 Nc6 3. Bb5 a6 4. Ba4 Nf6 5. O-O Be7 6. Re1 b5 7. Bb3 O-O 8. c3
d5 9. exd5 Nxd5 10. Nxe5 Nxe5 11. Rxe5 c6 12. d4 Bd6 13. Re1 Qh4 14. g3 Qh3 15.
Bxd5 cxd5 16. Qf3 Qf5 17. Nd2 b4 18. Qxf5 Bxf5 19. cxb4 Bxb4 20. Re5 g6 21. Kg2
Rab8 22. Nf1 Be4+ 23. f3 Bf5 24. a3 Ba5 25. Rxd5 Bb6 26. Bf4 Rbd8 27. Rxd8 Rxd8
28. Be5 Bxd4 29. Rd1 Bb6 30. Rxd8+ Bxd8 31. Ne3 Be6 32. Nc2 f6 33. Bc3 Kf7 34.
Nb4 Bc4 35. Nc6 Bb6 36. Bd4 Bxd4 37. Nxd4 Ke7 38. Kf2 1/2-1/2

[Event "Quebec op U1700"]
[Site "Montreal CAN"]
[Date "2016.07.23"]
[Round "1.56"]
[White "Lima-Barbosa, Raphael"]
[Black "Stoyanova, Stela"]
[Result "1/2-1/2"]
[WhiteElo "1663"]
[BlackElo "1474"]
[PlyCount "116"]
[EventDate "2016.07.23"]
[EventType "swiss"]
[EventRounds "8"]
[EventCountry "CAN"]

1. d4 Nf6 2. c4 g6 3. Nc3 Bg7 4. e4 d6 5. Nf3 O-O 6. Be2 Nbd7 7. Be3 a6 8. h3
e5 9. d5 Nc5 10. Nd2 b6 11. b4 Nb7 12. Nb3 a5 13. a3 Bd7 14. f3 Nh5 15. O-O Nf4
16. Kh2 Qh4 17. Bf2 Qh6 18. h4 g5 19. g3 gxh4 20. gxf4 Qxf4+ 21. Kh1 Kh8 22.
Qc1 Qf6 23. Be3 Rg8 24. Rg1 Qe7 25. Bg5 Bf6 26. Bxf6+ Qxf6 27. Qe3 Rg3 28. Rxg3
hxg3 29. Kg2 h5 30. Rh1 h4 31. c5 h3+ 32. Rxh3+ Bxh3+ 33. Kxh3 Qg6 34. cxb6
cxb6 35. Kg2 Rg8 36. Qxb6 Qh5 37. Qg1 Qg5 38. bxa5 Kg7 39. a6 Nc5 40. Nxc5 dxc5
41. a7 Rh8 42. Kf1 Qc1+ 43. Nd1 Qxa3 44. Qxg3+ Kf6 45. a8=Q Qxa8 46. Ne3 Qa1+
47. Kg2 Qh1+ 48. Kf2 Rh2+ 49. Ng2 Rh6 50. f4 Rg6 51. fxe5+ Kg7 52. Qf3 Qh2 53.
Bf1 Qxe5 54. Ne3 Qd4 55. Ke2 Qb2+ 56. Ke1 Qc1+ 57. Ke2 Qc2+ 58. Ke1 Qc1+
1/2-1/2

[Event "Quebec op U1700"]
[Site "Montreal CAN"]
[Date "2016.07.23"]
[Round "1.57"]
[White "Bergeron, Jean-Guy"]
[Black "Yu, Daniel-Tianqi"]
[Result "0-1"]
[WhiteElo "1453"]
[BlackElo "1639"]
[PlyCount "69"]
[EventDate "2016.07.23"]
[EventType "swiss"]
[EventRounds "8"]
[EventCountry "CAN"]

1. c4 c5 2. Nf3 Nf6 3. d4 cxd4 4. Nxd4 e6 5. Nb5 d5 6. Bf4 Bb4+ 7. N1c3 Na6 8.
a3 Bxc3+ 9. bxc3 O-O 10. e3 Ne8 11. cxd5 exd5 12. Be2 Nac7 13. Nd4 Ne6 14. Bg3
Nd6 15. Qd3 Nc5 16. Qc2 Nde4 17. f3 Nxg3 18. hxg3 f5 19. g4 Qg5 20. f4 Qe7 21.
Rh3 Ne4 22. g5 Bd7 23. Bd3 Rac8 24. Bxe4 dxe4 25. Rh2 Qc5 26. Kd2 Ba4 27. Ne6
Qc4 28. Qb1 Qxc3+ 29. Ke2 Bc2 30. Qe1 Qd3+ 31. Kf2 Rfe8 32. Nd4 Rc4 33. Rc1 Ba4
34. Rxc4 Qxc4 35. Qb4 0-1

[Event "Quebec op U1700"]
[Site "Montreal CAN"]
[Date "2016.07.23"]
[Round "1.58"]
[White "Cloutier, Jean-Pierre"]
[Black "Chira, Dan"]
[Result "1-0"]
[WhiteElo "1637"]
[BlackElo "1447"]
[PlyCount "141"]
[EventDate "2016.07.23"]
[EventType "swiss"]
[EventRounds "8"]
[EventCountry "CAN"]

1. e4 c5 2. Nc3 a6 3. f4 e6 4. Nf3 Nc6 5. a4 Nf6 6. g3 Be7 7. Bg2 d6 8. O-O Bd7
9. e5 Ng4 10. exd6 Bxd6 11. Ng5 Nf6 12. d3 h6 13. Nge4 Be7 14. Kh1 Qb6 15.
Nxf6+ Bxf6 16. Ne4 Be7 17. c3 f5 18. Qh5+ Kd8 19. Nd2 Qc7 20. Nc4 Be8 21. Qe2
Bd7 22. a5 Rb8 23. Re1 Bf6 24. Be3 Na7 25. Qf2 Be7 26. Ne5 Be8 27. b4 Nc6 28.
Nc4 Bd7 29. bxc5 Ke8 30. d4 Kf7 31. Qe2 Rhe8 32. Bf2 Bf8 33. Kg1 Kg8 34. Nb6
Bc8 35. d5 Nd8 36. d6 Qf7 37. Rad1 Bd7 38. Qa2 Nc6 39. Nxd7 Qxd7 40. Bh3 Kh8
41. Bf1 Ra8 42. Bc4 Nd8 43. Rd2 Rb8 44. Rde2 Ra8 45. Bxe6 Nxe6 46. Rxe6 Rac8
47. Bd4 Kh7 48. Qd5 Rxe6 49. Qxe6 Rd8 50. Qd5 g6 51. Qe5 Bg7 52. Qxg7+ Qxg7 53.
Bxg7 Kxg7 54. Re7+ Kf8 55. Rxb7 g5 56. Rc7 g4 57. d7 Ke7 58. c6 h5 59. Rc8 Rxd7
60. cxd7 Kxd7 61. Ra8 Kc6 62. Rxa6+ Kd5 63. Rh6 h4 64. a6 hxg3 65. hxg3 Kc4 66.
a7 Kb3 67. a8=Q Kc4 68. Qc6+ Kb3 69. Qd5+ Kc2 70. Rh2+ Kc1 71. Qd2+ 1-0

[Event "Quebec op U1700"]
[Site "Montreal CAN"]
[Date "2016.07.23"]
[Round "1.59"]
[White "Cholette, Mario"]
[Black "Plante, Marc-Eric"]
[Result "0-1"]
[WhiteElo "1432"]
[BlackElo "1633"]
[PlyCount "78"]
[EventDate "2016.07.23"]
[EventType "swiss"]
[EventRounds "8"]
[EventCountry "CAN"]

1. e4 e5 2. Nf3 Nf6 3. Nxe5 d6 4. Nxf7 Kxf7 5. d4 d5 6. Nc3 Bb4 7. e5 Ne4 8.
Bd2 Bxc3 9. Bxc3 Rf8 10. Bb4 c5 11. Bxc5 Nxc5 12. dxc5 Nc6 13. f4 Qa5+ 14. Qd2
Qxc5 15. O-O-O Kg8 16. Qxd5+ Qxd5 17. Rxd5 Rxf4 18. Bd3 Be6 19. Rd6 Bxa2 20. b3
Bxb3 21. cxb3 Nxe5 22. Bc2 Rc8 23. Kb2 Rf2 24. Rc1 Rxg2 25. Kb1 g6 26. Be4
Rxc1+ 27. Kxc1 Rxh2 28. Bxb7 Kg7 29. Ra6 Nd3+ 30. Kd1 Nc5 31. Rxa7 Nxb7 32.
Rxb7+ Kf6 33. Ke1 h5 34. Kf1 Kf5 35. b4 g5 36. b5 Rb2 37. b6 Kg4 38. Rb8 h4 39.
b7 h3 0-1

[Event "Quebec op U1700"]
[Site "Montreal CAN"]
[Date "2016.07.23"]
[Round "1.60"]
[White "Tremblay, Mario"]
[Black "Dion, Yves"]
[Result "1-0"]
[WhiteElo "1631"]
[BlackElo "1431"]
[PlyCount "89"]
[EventDate "2016.07.23"]
[EventType "swiss"]
[EventRounds "8"]
[EventCountry "CAN"]

1. e4 Nc6 2. d4 e6 3. f4 d5 4. e5 g6 5. Nf3 Nge7 6. Bd3 a6 7. O-O Bd7 8. c3 Bg7
9. Nbd2 O-O 10. Ng5 Qe8 11. Ndf3 Bh6 12. Qe1 Kg7 13. Qh4 Rh8 14. f5 exf5 15.
Ne6+ fxe6 16. Bxh6+ Kg8 17. g4 b5 18. gxf5 Nxf5 19. Bxf5 exf5 20. Bg5 h6 21.
Bf6 Rh7 22. Kh1 Qf7 23. Rg1 Kf8 24. Rg2 g5 25. Qf2 g4 26. Nh4 Ne7 27. Rf1 h5
28. Bxe7+ Kxe7 29. Nxf5+ Bxf5 30. Qxf5 Rf8 31. Qg5+ Kd7 32. Rxf7+ Rhxf7 33. e6+
Kxe6 34. Re2+ Kd7 35. Qxd5+ Kc8 36. Qc6 Rf6 37. Re8+ Rxe8 38. Qxe8+ Kb7 39. Kg2
h4 40. Qe4+ Kb6 41. Qxg4 Rh6 42. Qf4 Rh7 43. Qe4 h3+ 44. Kg3 Rh6 45. Qe3 1-0

[Event "Quebec op U1700"]
[Site "Montreal CAN"]
[Date "2016.07.23"]
[Round "1.61"]
[White "Rozman, Zeljko"]
[Black "Blanchette, Rene"]
[Result "0-1"]
[WhiteElo "1429"]
[BlackElo "1610"]
[PlyCount "50"]
[EventDate "2016.07.23"]
[EventType "swiss"]
[EventRounds "8"]
[EventCountry "CAN"]

1. e4 Nf6 2. e5 Nd5 3. c4 Nb6 4. d4 d6 5. f4 dxe5 6. fxe5 Nc6 7. Be3 Bf5 8. Bd3
Bxd3 9. Qxd3 Nxe5 10. Qe2 Nexc4 11. Nf3 Nxe3 12. Qxe3 Nd5 13. Qb3 e6 14. Qb5+
c6 15. Qxb7 Bb4+ 16. Nbd2 O-O 17. O-O Bxd2 18. Nxd2 Qg5 19. Nf3 Qe3+ 20. Kh1
Rab8 21. Qxa7 Rxb2 22. Rae1 Qd3 23. Ne5 Qc2 24. Rg1 Nf4 25. Rc1 Qe4 0-1

[Event "Quebec op U1700"]
[Site "Montreal CAN"]
[Date "2016.07.23"]
[Round "1.62"]
[White "Milosz, Jerzy"]
[Black "Moreau, Michel"]
[Result "1-0"]
[WhiteElo "1590"]
[BlackElo "1428"]
[PlyCount "51"]
[EventDate "2016.07.23"]
[EventType "swiss"]
[EventRounds "8"]
[EventCountry "CAN"]

1. e4 c6 2. d4 d5 3. exd5 cxd5 4. c4 Nf6 5. Nc3 Nc6 6. Bg5 dxc4 7. Bxc4 Qxd4 8.
Qxd4 Nxd4 9. O-O-O Nc6 10. Nb5 e6 11. Nc7+ Ke7 12. Nxa8 h6 13. Bxf6+ gxf6 14.
Nf3 e5 15. Nc7 Be6 16. Nd5+ Bxd5 17. Bxd5 h5 18. Bxc6 bxc6 19. Rhe1 Bh6+ 20.
Kb1 c5 21. Re4 Ke6 22. Ra4 Rg8 23. g3 Ra8 24. Ra6+ Kf5 25. Rdd6 Kg6 26. Rxf6+
1-0

[Event "Quebec op U1700"]
[Site "Montreal CAN"]
[Date "2016.07.23"]
[Round "1.63"]
[White "Germain, Max jr"]
[Black "Morin, Maxime"]
[Result "0-1"]
[WhiteElo "1411"]
[BlackElo "1583"]
[PlyCount "100"]
[EventDate "2016.07.23"]
[EventType "swiss"]
[EventRounds "8"]
[EventCountry "CAN"]

1. d4 d5 2. c4 e6 3. Nc3 Nf6 4. Bg5 Be7 5. e3 h6 6. Bf4 c6 7. a3 Nbd7 8. Bd3
O-O 9. Nge2 dxc4 10. Bxc4 b5 11. Bd3 Bb7 12. O-O a6 13. b4 a5 14. Qb3 Ra6 15.
Rac1 Qa8 16. Ne4 axb4 17. axb4 Ra3 18. Qb1 Nd5 19. Bd6 Bxd6 20. Nxd6 Ra4 21.
Nxb7 Qxb7 22. Bc2 Rxb4 23. Bb3 Rc8 24. Qd3 c5 25. Bxd5 Qxd5 26. e4 Qb7 27. dxc5
Nxc5 28. Qd6 Rc4 29. f3 Nb3 30. Rxc4 bxc4 31. Nc3 Qa7+ 32. Kh1 Qe3 33. Qb4 Nd2
34. Rd1 h5 35. Nb1 Nxf3 36. Rf1 Qe2 37. Rc1 Nh4 38. Qd2 Qxe4 39. Nc3 Qf5 40.
Qe2 Ng6 41. Rf1 Qe5 42. Qf3 Rc7 43. g3 Rd7 44. Ne4 f5 45. Nf2 Qd5 46. Nh3 Ne5
47. Qxd5 Rxd5 48. Nf4 Rd2 49. Rc1 Nf3 50. Ng2 c3 0-1